000 01135cab a22002295a 4500
001 L152201
008 110210e20110114xxk 000 0 eng d
035 _a(Sirsi) u152201
041 0 _aeng
100 1 _aEade, Christine
245 0 0 _aMarkets
_bSomerset, Devon and Cornwall
260 _c2011
490 0 _aProperty Week
_v77(2) 14 January 2011, 43-46(4)
520 _aFirepool, the £270m redevelopment of Taunton's cattle market and car parks, will commence this summer. Grade II-listed consent granted to Urban Splash to restore the New Cooperage site, part of Plymouth's Royal William Yard. Land Securities has started developing the first city centre John Lewis At Home store in Exeter. London & Wharfedale are seeking planning consent for 100 acres of the 250 acre Royal Bath and West Society's showground at Shepton Mallet. Torbay Development Agency plots English Riviera renaissance for Torquay, Paignton and Brixham.
590 _aKA
651 4 _aSomerset
651 4 _aDevon
651 4 _aCornwall
690 _aPROPERTY-COMMERCIAL PROPERTY-COMMERCIAL PROPERTY MARKET
700 1 _aMolton, Colin
942 _n0
999 _c82910
_d82910